| 000 | 00717nam a2200241 a 4500 | ||
|---|---|---|---|
| 001 | 9832 | ||
| 003 | CO-ViMGA | ||
| 008 | 141112s2004 ck r 000 u spa d | ||
| 020 | _a9580406596 | ||
| 040 |
_aCO-ViMGA _bspa _cCO-ViMGA |
||
| 082 | 0 | 4 | _a513.14 L847 V.11 |
| 100 | 1 |
_aLondoño ; Nelson, Bedoya Hernando, _911697 |
|
| 245 | 1 | 0 | _aMatematica Progresiva |
| 260 |
_aSantafé de Bogotá : _bNorma, _c1998 |
||
| 300 | _a304p. : il | ||
| 590 | _aEjemplares : 2 | ||
| 650 | 1 | 4 |
_aCALCULO DIFERENCIAL _95924 |
| 650 | 1 | 4 |
_aCALCULO INTEGRAL _95925 |
| 650 | 1 | 4 |
_aDERIVADA _911698 |
| 650 | 1 | 4 |
_aDESIGUALDADES, VALOR ABSOLUTO FUNCIONES REALES _911699 |
| 650 | 1 | 4 |
_aSUCEIONES, LIMITES CONTINUIDAD _911700 |
| 942 |
_2ddc _cBK |
||
| 999 |
_c21216 _d21216 |
||